| 000 | 00347nam a22001457a 4500 | ||
|---|---|---|---|
| 020 | _a978-0-19-806464-0 | ||
| 082 |
_a030 _bCUT/O |
||
| 100 | _aCUTTS, MARTIN | ||
| 245 | _aOXFORD GUIDE TO PLAIN ENGLISH | ||
| 250 | _aSECOND EDITION | ||
| 260 |
_aDELHI _bOXFORD UNIVERSITY PRESS _c2010 |
||
| 300 | _a202 | ||
| 650 |
_aDICTIONARY _zINDIA |
||
| 942 | _cBK | ||
| 999 |
_c1720 _d1720 |
||